Cut and Create! Holidays : (Record no. 7263)

MARC details
000 -LEADER
fixed length control field 00682nam a22002057a 4500
003 - CONTROL NUMBER IDENTIFIER
control field GBCCL
005 - DATE AND TIME OF LATEST TRANSACTION
control field 20241126110623.0
008 - FIXED-LENGTH DATA ELEMENTS--GENERAL INFORMATION
fixed length control field 180719b ||||| |||| 00| 0 eng d
020 ## - INTERNATIONAL STANDARD BOOK NUMBER
International Standard Book Number 1573100838
040 ## - CATALOGING SOURCE
Transcribing agency gbc
082 ## - DEWEY DECIMAL CLASSIFICATION NUMBER
Classification number 268.432
Item number RAN
100 ## - MAIN ENTRY--PERSONAL NAME
Personal name Rankin, Kim
9 (RLIN) 12855
245 ## - TITLE STATEMENT
Title Cut and Create! Holidays :
Remainder of title Easy step-by-step projects that teach scissor skills /
Statement of responsibility, etc. Kim Rankin
260 ## - PUBLICATION, DISTRIBUTION, ETC.
Place of publication, distribution, etc. Buchanan St.:
Name of publisher, distributor, etc. Teaching & Learning Company,
Date of publication, distribution, etc. 1997
300 ## - PHYSICAL DESCRIPTION
Extent iv, 78 p.;
Other physical details ill.,
Dimensions 28 cm.
650 ## - SUBJECT ADDED ENTRY--TOPICAL TERM
Topical term or geographic name entry element Handicraft
General subdivision Juvenile literature.
9 (RLIN) 12856
650 ## - SUBJECT ADDED ENTRY--TOPICAL TERM
Topical term or geographic name entry element Children's art.
9 (RLIN) 6877
650 ## - SUBJECT ADDED ENTRY--TOPICAL TERM
Topical term or geographic name entry element Creative activities and seat work
General subdivision Juvenile literature.
9 (RLIN) 12857
942 ## - ADDED ENTRY ELEMENTS (KOHA)
Source of classification or shelving scheme Dewey Decimal Classification
Koha item type Books
Holdings
Withdrawn status Lost status Source of classification or shelving scheme Damaged status Not for loan Home library Current Library Shelving location Date acquired Total checkouts Full call number Barcode Date last seen Copy number Price effective from Koha item type
    Dewey Decimal Classification     GRACE BIBLE COLLEGE GRACE BIBLE COLLEGE Ministry & Mission 2018-07-19   268.432 RAN 005146 2025-05-01 c.1 2018-07-19 Books
© Grace Bible College Library 2025